An Introduction to Database Systems 3rd Ed. (Record no. 21570)

MARC details
000 -LEADER
fixed length control field 00330nam a22001337a 4500
008 - FIXED-LENGTH DATA ELEMENTS--GENERAL INFORMATION
fixed length control field 251013b |||||||| |||| 00| 0 eng d
020 ## - INTERNATIONAL STANDARD BOOK NUMBER
ISBN 81-85015-58-9
100 ## - MAIN ENTRY--AUTHOR NAME
Personal name C. J. Date
245 ## - TITLE STATEMENT
Title An Introduction to Database Systems 3rd Ed.
250 ## - EDITION STATEMENT
Edition statement 3rd Ed.
260 ## - PUBLICATION, DISTRIBUTION, ETC. (IMPRINT)
Place of publication New Delhi
Name of publisher NPH
Year of publication 1993
300 ## - PHYSICAL DESCRIPTION
Number of Pages 580
942 ## - ADDED ENTRY ELEMENTS (KOHA)
Source of classification or shelving scheme Dewey Decimal Classification
Koha item type Books
Holdings
Accession Number Source of acquisition Price effective from Koha item type Withdrawn / writtenoff status Damaged status Not for loan Permanent Location Current Location Shelving location Date acquired Lost/ Missing status department
BB 1538 Received From Director Office (Donated) 10/13/2025 Books       MIET Library, Jammu MIET Library, Jammu 104/6 10/09/2025   BB